Cristal, a fadazinha da neve (Registo nº 1113)
[ vista simples ]
| 000 -Etiqueta do registo | |
|---|---|
| Cabeçalho | 00904nam a2200277 i 4500 |
| 005 - Identificador da versão | |
| Campo de controlo | 20240822170513.0 |
| 010 ## - Número internacional normalizado dos livros (ISBN) | |
| Número (ISBN) | 9789722227322 |
| 021 ## - Número do Depósito Legal | |
| Código do país | PT |
| Número | 267845/07 |
| 100 ## - Dados gerais de processamento | |
| Dados gerais de processamento | 20090706d2008 a y0pory5003 ba |
| 101 1# - Língua de publicação | |
| Língua do texto, banda sonora, etc. | Português |
| Língua do documento no original | Inglês |
| 102 ## - Pais de publicação ou produção | |
| País de publicação | Portugal |
| 105 ## - Campo de dados codificados: livros | |
| Dados codificados dos livros | a z 000yy |
| 106 ## - Campo de dados codificados: material textual | |
| Dados codificados do material textual | r |
| 200 1# - Titulo e menção de responsabilidade | |
| Título próprio | Cristal, a fadazinha da neve |
| Primeira menção de responsabilidade | Daisy Meadows |
| Outras menções de responsabilidade | trad. Maria Isabel de Mendonça Soares |
| -- | il. Georgie Ripper |
| 210 ## - Publicação, Distribuição, etc. | |
| Lugar da edição, distribuição, etc. | Lisboa |
| Nome do editor, distribuidor, etc. | Verbo |
| Data da publicação, distribuição, etc. | imp. 2008 |
| 215 ## - Descrição física | |
| Indicação específica da natureza do documento e extensão da espécie | 77, [3] p. |
| Outras indicações físicas | il. |
| Dimensões | 20 cm |
| 225 2# - Colecção | |
| Título próprio da colecção | A magia do arco-íris |
| Nome de uma parte ou secção | As fadazinhas do tempo |
| -- | Eu gosto de ler, e ponto final |
| Indicação de volume | 8 |
| 304 ## - Notas relativas a título e menção de responsabilidade | |
| Texto da nota | Tít. orig.: Crystal the snow fairy |
| 606 ## - Nome comum usado como assunto | |
| Número de registo de entrada de autoridade | 0000985 |
| Palavra de ordem | Contos |
| Subdivisão de assunto | Publicações Infantis |
| 675 ## - Classificação Decimal Universal (CDU) | |
| Notação | 82-93 |
| Edição | BN |
| Língua da edição | por |
| 700 #1 - Nome de autor-pessoa física (responsabilidade principal) | |
| Número de registo de entrada de autoridade | 0001395 |
| Palavra de ordem | Meadows |
| Outra parte do nome não tomada para palavra de ordem | Daisy |
| 702 #1 - Nome de autor-pessoa física (responsabilidade secundária) | |
| Número de registo de entrada de autoridade | 0001396 |
| Palavra de ordem | Soares |
| Outra parte do nome não tomada para palavra de ordem | Maria Isabel de Mendonça |
| Código de função | Tradutor |
| Número de registo de entrada de autoridade | 0001397 |
| Palavra de ordem | Ripper |
| Outra parte do nome não tomada para palavra de ordem | Georgie |
| Código de função | Ilustrador / Técnico de desenho computorizado |
| 942 ## - Elementos de entrada adicionados (Koha) | |
| Tipo de item no Koha | Livro |
| Situação do levantamento | Origin of item (home branch) (coded) | Biblioteca de empréstimo | Código de barras | Cota | Circulation type (not for loan) | Tipo de documento | Nota do exemplar | Damaged status |
|---|---|---|---|---|---|---|---|---|
| Biblioteca Escolar Eng. Nuno Mergulhão | Biblioteca Escolar Eng. Nuno Mergulhão | BENM2017 | 8EST MEA | Livro | Sem mensagem | |||
| Biblioteca Escolar Eng. Nuno Mergulhão | Biblioteca Escolar Eng. Nuno Mergulhão | BENM2018 | 8EST MEA | Livro | Sem mensagem |
